Foundation of shorthand workbook (Record no. 82286)

MARC details
000 -LEADER
fixed length control field 00792nam a22002657a 4500
001 - CONTROL NUMBER
control field 9786718219799
003 - CONTROL NUMBER IDENTIFIER
control field URS
005 - DATE AND TIME OF LATEST TRANSACTION
control field 20250313162357.0
008 - FIXED-LENGTH DATA ELEMENTS--GENERAL INFORMATION
fixed length control field 250213t2022 |||||||| |||| 00| 0 eng d
020 ## - INTERNATIONAL STANDARD BOOK NUMBER
International Standard Book Number 9789718219799
040 ## - CATALOGING SOURCE
Language of cataloging eng
Transcribing agency URS
Modifying agency URS
Description conventions rda
050 14 - LIBRARY OF CONGRESS CALL NUMBER
Classification number Z 53
Item number R6643 2022
100 1# - MAIN ENTRY--PERSONAL NAME
Personal name Romero, Ethelmay R.
Relator term author
245 14 - TITLE STATEMENT
Title Foundation of shorthand workbook
Statement of responsibility, etc. Ethelmay R. Romero, DBA.
250 ## - EDITION STATEMENT
Edition statement 2nd edition.
264 #1 - PRODUCTION, PUBLICATION, DISTRIBUTION, MANUFACTURE, AND COPYRIGHT NOTICE
Place of production, publication, distribution, manufacture Malabon City
Name of producer, publisher, distributor, manufacturer Mutya Publishing House, Inc
Date of production, publication, distribution, manufacture, or copyright notice [2022]
264 #4 - PRODUCTION, PUBLICATION, DISTRIBUTION, MANUFACTURE, AND COPYRIGHT NOTICE
Date of production, publication, distribution, manufacture, or copyright notice ©2022
300 ## - PHYSICAL DESCRIPTION
Extent 233 pages
Dimensions 26 cm
336 ## - CONTENT TYPE
Source rdacontent
Content type term text
337 ## - MEDIA TYPE
Source rdamedia
Media type term unmediated
338 ## - CARRIER TYPE
Source rdacarrier
Carrier type term volume
650 #0 - SUBJECT ADDED ENTRY--TOPICAL TERM
Topical term or geographic name entry element Shorthand
General subdivision Study and teaching.
710 1# - ADDED ENTRY--CORPORATE NAME
Corporate name or jurisdiction name as entry element Mutya Publishing House, Inc.,$epublisher.
942 ## - ADDED ENTRY ELEMENTS (KOHA)
Source of classification or shelving scheme Library of Congress Classification
Koha item type Filipiniana
Holdings
Withdrawn status Source of classification or shelving scheme Damaged status Not for loan Home library Current library Shelving location Date acquired Total Checkouts Full call number Barcode Date last seen Price effective from Koha item type
  Library of Congress Classification     Tanay College Library Tanay College Library Reserve Section 12/27/2024   Z 53 R6643 2022 URSTAN-N5378 02/13/2025 02/13/2025 Filipiniana
  Library of Congress Classification     Tanay College Library Tanay College Library Reserve Section 12/27/2024   Z 53 R6643 2022 URSTAN-N5379 02/13/2025 02/13/2025 Filipiniana

University of Rizal System
Email us at univlibservices@urs.edu.ph

Visit our Website www.urs.edu.ph/library